<?xml version="1.0" encoding="UTF-8"?>
<collection xmlns:xsi="http://www.w3.org/2001/XMLSchema-instance" xsi:schemaLocation="http://www.loc.gov/MARC21/slim http://www.loc.gov/standards/marcxml/schema/MARC21slim.xsd" xmlns="http://www.loc.gov/MARC21/slim">
 <record>
  <leader>00000cam a22000007a 4500</leader>
  <controlfield tag="001">UP-99796217610382355</controlfield>
  <controlfield tag="003">Buklod</controlfield>
  <controlfield tag="005">20120628135721.0</controlfield>
  <controlfield tag="006">t     rm   |||| ud</controlfield>
  <controlfield tag="007">ta</controlfield>
  <controlfield tag="008">120628s2009    xx     d     r    |||| u|</controlfield>
  <datafield tag="020" ind1=" " ind2=" ">
   <subfield code="a">9781574983012</subfield>
  </datafield>
  <datafield tag="035" ind1=" " ind2=" ">
   <subfield code="a">(iLib)UPD-00187102757</subfield>
  </datafield>
  <datafield tag="040" ind1=" " ind2=" ">
   <subfield code="a">DLC</subfield>
   <subfield code="d">DCFA</subfield>
  </datafield>
  <datafield tag="090" ind1=" " ind2=" ">
   <subfield code="a">NK 4340R3</subfield>
   <subfield code="b">R343 2009</subfield>
  </datafield>
  <datafield tag="245" ind1="0" ind2="0">
   <subfield code="a">Raku firing</subfield>
   <subfield code="b">advanced techniques</subfield>
   <subfield code="c">edited by Bill Jones.</subfield>
  </datafield>
  <datafield tag="264" ind1=" " ind2="1">
   <subfield code="a">Westerville, Ohio</subfield>
   <subfield code="b">American Ceramic Society</subfield>
   <subfield code="c">c2009.</subfield>
  </datafield>
  <datafield tag="300" ind1=" " ind2=" ">
   <subfield code="a">vii, 135 p.</subfield>
   <subfield code="b">ill. (chiefly col.)</subfield>
  </datafield>
  <datafield tag="490" ind1="1" ind2=" ">
   <subfield code="a">Ceramic arts handbook series.</subfield>
  </datafield>
  <datafield tag="505" ind1="0" ind2=" ">
   <subfield code="a">Raku then and now / Hal Riegger -- Discovering naked raku / Kate and Will Jacobson -- Marcia Selsor: raku-fired slabs / Louana Lackey -- Raku at Amatlan / Hilda San Vicente Tello -- Inlaid glass technique / Steven Branfman -- Successful raku / John Ramer Sherrill -- Billy Ray Mangham: reconnecting with the species / Gary C. Hatcher -- CJ Buckner: raku menagerie / Henry Atwater -- Floral imagery on raku fans / Marcia Jestaedt -- New beginnings / Beth Cavener Stichter -- Production raku kiln / Ronda M. Liskey -- Alternative raku kilns / Andreas Salzman with Jennifer Salzman -- Wood-fired raku kiln / Nesrin During -- Wood firing basics / W. Lowell Baker -- Portable fiber raku kiln / Daryl Baird -- Portable gas raku kiln / George Juliano with Elizabeth Hudgins -- Raku glazes / Harold J. McWhinnie -- Designing a matt red raku glaze / Tom Buck -- Valdez flashfiring / John Ramer Sherrill -- Interference colors with copper raku / R.W. Burrows -- Raku color and opacity / Jeff Zamek -- Raku glaze trials / Lila Bakke -- Raku clays / Bill Jones -- Large-scale raku / Carl Gillberg -- In pursuit of form / Kristin Doner -- Raku reduction stenciling / Jerry L. Caplan -- Ramon Camarillo: a  marraige [sic] of three cultures / Cathy Grubman -- Michael Lancaster: reinventing oneself / Hollis Walker -- The nichrome wire solution / Cory Pinassi -- Neoclassical raku / Robert Hasselle -- Large raku platters / Tom Radca.</subfield>
  </datafield>
  <datafield tag="520" ind1=" " ind2=" ">
   <subfield code="a">Advanced techniques in raku firing; covers production, kiln construction, glaze formulation, tools and more.</subfield>
  </datafield>
  <datafield tag="650" ind1=" " ind2="0">
   <subfield code="a">Raku pottery</subfield>
   <subfield code="x">Technique.</subfield>
  </datafield>
  <datafield tag="650" ind1=" " ind2="0">
   <subfield code="a">Firing (Ceramics).</subfield>
  </datafield>
  <datafield tag="650" ind1=" " ind2="0">
   <subfield code="a">Glazes</subfield>
   <subfield code="x">Formulae.</subfield>
  </datafield>
  <datafield tag="650" ind1=" " ind2="0">
   <subfield code="a">Kilns.</subfield>
  </datafield>
  <datafield tag="700" ind1="1" ind2=" ">
   <subfield code="a">Jones, Bill.</subfield>
  </datafield>
  <datafield tag="830" ind1=" " ind2="0">
   <subfield code="a">Ceramic arts handbook series.</subfield>
  </datafield>
  <datafield tag="905" ind1=" " ind2=" ">
   <subfield code="a">FO</subfield>
  </datafield>
  <datafield tag="950" ind1=" " ind2=" ">
   <subfield code="a">Monograph</subfield>
  </datafield>
  <datafield tag="852" ind1="0" ind2=" ">
   <subfield code="a">UPD</subfield>
   <subfield code="b">DCFA</subfield>
   <subfield code="h">NK 4340R3 R343 2009</subfield>
  </datafield>
  <datafield tag="942" ind1=" " ind2=" ">
   <subfield code="a">Book</subfield>
  </datafield>
 </record>
</collection>
